000 00287nam a22001097a 4500
008 160613b xxu||||| |||| 00| 0 eng d
020 _a0867204362
041 _aeng
080 _a618.2
245 _aNursing assessment and diagnosis:
_cJanis P. Bellack; Barbara J. Edlund;
942 _2udc
_cBK
999 _c2484
_d2484